000 00413nam a2200169Ia 4500
999 _c269
_d269
003 OSt
005 20210914101812.0
008 190216s9999||||xx |||||||||||||| ||und||
040 _coclc
082 _a297
_bMAD/J
100 _aNull
245 0 _aAl Jamia Al Faveed /
260 _bMadina Press,
_aRiyadh:
300 _a682p
650 _aArabic
942 _cBK
_2ddc
_h297
_iMAD/J
_k297
_mMAD/J